000
00215 a2200097 4500
001
48805
100
_a
Heisler
245
_a
Advance vehicle technology
260
_a
London
_b
Edward Arnold
_c
090
_c
31705
_d
31705
942
_a
NUST-CAE
_c
M
_c
24120
999
_c
283878
_d
283878